Informe del Consejo Económico y Social. Situación de los derechos humanos en El Salvador: nota del Secretario General
Guardado en:
| Autor Corporativo: | |
|---|---|
| Formato: | Texto |
| Publicado: |
s.l.:
ONU
|
| Etiquetas: |
Agregar Etiqueta
Sin Etiquetas, Sea el primero en etiquetar este registro!
|
MARC
| LEADER | 00000 a a2200000 04500 | ||
|---|---|---|---|
| 001 | 22924 | ||
| 003 | |||
| 040 | |||
| 090 | |a 158400 | ||
| 110 | |a Naciones Unidas. Consejo Económico y Social | ||
| 245 | |a Informe del Consejo Económico y Social. Situación de los derechos humanos en El Salvador: nota del Secretario General | ||
| 260 | |a s.l.: |b ONU | ||
| 300 | |a 41 p. | ||
| 999 | |c 15766 |d 15766 | ||
